[Event "I mi?dzynarodowy turniej szachowy"]
[Site "Jastrzebie-Zdroj"]
[Date "2018.08.25"]
[Round "9.3"]
[White "Poley, Vladimir"]
[Black "Galuszka, Tomasz"]
[Result "1-0"]
[BlackElo "2022"]
[WhiteElo "2257"]
[LiveChessVersion "1.4.8"]

1. d4 {[%clk 1:30:57]} d5 {[%clk 1:30:47]} 2. g3 {[%clk 1:31:21]} Nf6
{[%clk 1:30:57]} 3. Bg2 {[%clk 1:31:47]} c6 {[%clk 1:31:10]} 4. Nh3
{[%clk 1:30:21]} Bxh3 {[%clk 1:29:11]} 5. Bxh3 {[%clk 1:30:44]} c5
{[%clk 1:29:35]} 6. dxc5 {[%clk 1:28:27]} Nc6 {[%clk 1:25:22]} 7. Nd2
{[%clk 1:26:54]} e5 {[%clk 1:16:19]} 8. Nb3 {[%clk 1:27:08]} a5 {[%clk 1:16:13]}
9. a4 {[%clk 1:27:27]} h6 {[%clk 1:16:31]} 10. O-O {[%clk 1:27:32]} Be7
{[%clk 1:16:45]} 11. c3 {[%clk 1:25:29]} O-O {[%clk 1:16:03]} 12. Qd3
{[%clk 1:22:44]} Qc7 {[%clk 1:13:17]} 13. f4 {[%clk 1:21:12]} Rfe8
{[%clk 1:11:13]} 14. Be3 {[%clk 1:19:02]} d4 {[%clk 0:55:57]} 15. cxd4
{[%clk 1:16:55]} exd4 {[%clk 0:53:59]} 16. Bd2 {[%clk 1:17:05]} Nd5
{[%clk 0:50:14]} 17. Bg2 {[%clk 1:03:39]} Ne3 {[%clk 0:47:59]} 18. Bxe3
{[%clk 1:04:01]} dxe3 {[%clk 0:48:24]} 19. Rfd1 {[%clk 0:59:33]} Bf6
{[%clk 0:44:46]} 20. Qd7 {[%clk 0:57:14]} Re7 {[%clk 0:44:17]} 21. Qxc7
{[%clk 0:57:27]} Rxc7 {[%clk 0:44:41]} 22. Rab1 {[%clk 0:57:27]} Rd8
{[%clk 0:32:49]} 23. Rxd8+ {[%clk 0:54:19]} Bxd8 {[%clk 0:32:33]} 24. Bxc6
{[%clk 0:44:12]} Rxc6 {[%clk 0:32:54]} 25. Kg2 {[%clk 0:43:28]} b6
{[%clk 0:29:18]} 26. cxb6 {[%clk 0:38:29]} Bxb6 {[%clk 0:29:41]} 27. Rc1
{[%clk 0:38:16]} Rd6 {[%clk 0:29:18]} 28. Rc8+ {[%clk 0:34:49]} Kh7
{[%clk 0:29:42]} 29. Kf3 {[%clk 0:34:35]} f5 {[%clk 0:28:53]} 30. Rf8
{[%clk 0:28:44]} g6 {[%clk 0:27:55]} 31. Rf7+ {[%clk 0:24:32]} Kg8
{[%clk 0:28:17]} 32. Rb7 {[%clk 0:24:39]} Kf8 {[%clk 0:25:55]} 33. Nc1
{[%clk 0:24:43]} g5 {[%clk 0:24:36]} 34. h3 {[%clk 0:25:05]} Rg6 {[%clk 0:24:47]}
35. Nd3 {[%clk 0:25:11]} Kg8 {[%clk 0:21:54]} 36. Ne5 {[%clk 0:24:55]} Re6
{[%clk 0:22:10]} 37. Nc4 {[%clk 0:24:23]} Bd4 {[%clk 0:22:13]} 38. Rb5
{[%clk 0:24:04]} 1-0

[Event "I mi?dzynarodowy turniej szachowy"]
[Site "Jastrzebie-Zdroj"]
[Date "2018.08.25"]
[Round "9.4"]
[White "Horvath, Tomas"]
[Black "Bakalarz, Mietek"]
[Result "0-1"]
[BlackElo "2289"]
[WhiteElo "1962"]
[LiveChessVersion "1.4.8"]

1. e4 {[%clk 1:30:53]} e5 {[%clk 1:25:28]} 2. f4 {[%clk 1:31:18]} d5
{[%clk 1:19:21]} 3. exd5 {[%clk 1:31:38]} exf4 {[%clk 1:19:45]} 4. Nf3
{[%clk 1:31:56]} Nf6 {[%clk 1:20:08]} 5. Bc4 {[%clk 1:31:56]} Nxd5
{[%clk 1:20:21]} 6. O-O {[%clk 1:31:33]} Be7 {[%clk 1:20:38]} 7. d4
{[%clk 1:30:12]} g5 {[%clk 1:03:30]} 8. Ne5 {[%clk 1:26:46]} Be6 {[%clk 1:03:05]}
9. Qe2 {[%clk 1:11:50]} O-O {[%clk 0:50:20]} 10. Nc3 {[%clk 0:57:07]} Nxc3
{[%clk 0:45:06]} 11. bxc3 {[%clk 0:57:31]} Bxc4 {[%clk 0:45:31]} 12. Qxc4
{[%clk 0:57:32]} Nd7 {[%clk 0:45:52]} 13. Nxd7 {[%clk 0:50:36]} Qxd7
{[%clk 0:46:15]} 14. Rb1 {[%clk 0:50:17]} c6 {[%clk 0:46:24]} 15. Qd3
{[%clk 0:49:01]} b5 {[%clk 0:41:43]} 16. c4 {[%clk 0:47:59]} bxc4
{[%clk 0:32:59]} 17. Qxc4 {[%clk 0:48:23]} Rab8 {[%clk 0:33:25]} 18. Rb3
{[%clk 0:43:42]} Qd5 {[%clk 0:32:32]} 19. Qa4 {[%clk 0:37:05]} c5
{[%clk 0:28:30]} 20. Ba3 {[%clk 0:34:06]} Qe4 {[%clk 0:18:29]} 21. Qc4
{[%clk 0:27:34]} Rxb3 {[%clk 0:08:58]} 22. axb3 {[%clk 0:25:36]} Qe3+
{[%clk 0:09:20]} 23. Kh1 {[%clk 0:26:00]} cxd4 {[%clk 0:09:16]} 24. Bxe7
{[%clk 0:25:45]} Qxe7 {[%clk 0:09:40]} 25. Qxd4 {[%clk 0:26:09]} Rd8
{[%clk 0:10:06]} 26. Qc4 {[%clk 0:23:17]} Qe5 {[%clk 0:09:43]} 27. h4
{[%clk 0:22:27]} h6 {[%clk 0:08:41]} 28. Qa6 {[%clk 0:19:52]} Kg7
{[%clk 0:07:41]} 29. Qxa7 {[%clk 0:14:09]} Rd4 {[%clk 0:07:00]} 30. hxg5
{[%clk 0:13:49]} hxg5 {[%clk 0:07:22]} 31. Qa1 {[%clk 0:11:36]} f3
{[%clk 0:07:08]} 32. gxf3 {[%clk 0:11:08]} f6 {[%clk 0:05:15]} 33. f4
{[%clk 0:08:11]} Qe4+ {[%clk 0:04:57]} 34. Kg1 {[%clk 0:08:22]} Qe3+
{[%clk 0:04:55]} 35. Kh1 {[%clk 0:08:18]} Rd2 {[%clk 0:04:58]} 36. Qa8
{[%clk 0:06:36]} Qh3+ {[%clk 0:05:17]} 0-1

[Event "I mi?dzynarodowy turniej szachowy"]
[Site "Jastrzebie-Zdroj"]
[Date "2018.08.25"]
[Round "9.5"]
[White "Raszka, Janusz"]
[Black "Holly, Andrej"]
[Result "0-1"]
[BlackElo "1903"]
[WhiteElo "2140"]
[LiveChessVersion "1.4.8"]

1. e4 {[%clk 1:30:52]} c5 {[%clk 1:30:55]} 2. Nf3 {[%clk 1:31:10]} d6
{[%clk 1:31:16]} 3. d4 {[%clk 1:31:28]} cxd4 {[%clk 1:31:41]} 4. Nxd4
{[%clk 1:31:45]} Nf6 {[%clk 1:32:05]} 5. Nc3 {[%clk 1:32:04]} g6 {[%clk 1:31:53]}
6. Be2 {[%clk 1:32:21]} Bg7 {[%clk 1:32:05]} 7. O-O {[%clk 1:32:30]} O-O
{[%clk 1:32:18]} 8. Bg5 {[%clk 1:32:39]} Nc6 {[%clk 1:31:53]} 9. Nb3
{[%clk 1:32:54]} a6 {[%clk 1:28:12]} 10. a4 {[%clk 1:33:11]} Be6 {[%clk 1:27:10]}
11. f4 {[%clk 1:32:34]} Bxb3 {[%clk 1:18:39]} 12. cxb3 {[%clk 1:32:50]} e6
{[%clk 1:14:36]} 13. Kh1 {[%clk 1:31:36]} Qc7 {[%clk 1:07:41]} 14. f5
{[%clk 1:13:41]} Nd7 {[%clk 0:59:49]} 15. Bc4 {[%clk 1:01:06]} Rae8
{[%clk 0:57:38]} 16. f6 {[%clk 1:01:03]} Bh8 {[%clk 0:57:25]} 17. Qd2
{[%clk 0:51:58]} Rd8 {[%clk 0:54:51]} 18. Qf4 {[%clk 0:49:54]} Nce5
{[%clk 0:49:56]} 19. Be2 {[%clk 0:49:20]} Qb6 {[%clk 0:46:29]} 20. Ra3
{[%clk 0:47:51]} Rc8 {[%clk 0:44:48]} 21. Qh4 {[%clk 0:46:28]} Rfd8
{[%clk 0:41:01]} 22. Qg3 {[%clk 0:20:59]} Qb4 {[%clk 0:38:28]} 23. h4
{[%clk 0:19:20]} Rc7 {[%clk 0:29:53]} 24. h5 {[%clk 0:18:46]} Rdc8
{[%clk 0:28:39]} 25. hxg6 {[%clk 0:14:56]} hxg6 {[%clk 0:28:16]} 26. Raa1
{[%clk 0:10:42]} Qxb3 {[%clk 0:27:37]} 27. Rab1 {[%clk 0:10:37]} Nxf6
{[%clk 0:23:07]} 28. Qh4 {[%clk 0:06:19]} Nfd7 {[%clk 0:22:00]} 29. Be7
{[%clk 0:05:50]} Rc6 {[%clk 0:21:08]} 30. Bg4 {[%clk 0:05:36]} Nxg4
{[%clk 0:18:28]} 31. Qxg4 {[%clk 0:06:04]} Ne5 {[%clk 0:18:52]} 32. Qh4
{[%clk 0:06:03]} Qb6 {[%clk 0:16:12]} 33. Rf4 {[%clk 0:05:56]} Rxc3
{[%clk 0:15:38]} 34. Qxh8+ {[%clk 0:05:37]} Kxh8 {[%clk 0:16:03]} 35. Bf6+
{[%clk 0:05:53]} Kg8 {[%clk 0:16:16]} 36. Rh4 {[%clk 0:05:22]} Rc1+
{[%clk 0:16:30]} 0-1

[Event "I mi?dzynarodowy turniej szachowy"]
[Site "Jastrzebie-Zdroj"]
[Date "2018.08.25"]
[Round "9.6"]
[White "Berlin, Tatiana"]
[Black "Wiecek, Pawel"]
[Result "1-0"]
[BlackElo "1910"]
[WhiteElo "2138"]
[LiveChessVersion "1.4.8"]

1. e4 {[%clk 1:30:59]} e5 {[%clk 1:29:48]} 2. f4 {[%clk 1:30:31]} d5
{[%clk 1:30:01]} 3. exd5 {[%clk 1:30:48]} e4 {[%clk 1:30:21]} 4. d3
{[%clk 1:30:10]} Nf6 {[%clk 1:30:31]} 5. Nc3 {[%clk 1:28:33]} Bb4
{[%clk 1:30:35]} 6. Bd2 {[%clk 1:28:46]} e3 {[%clk 1:30:50]} 7. Bxe3
{[%clk 1:29:03]} O-O {[%clk 1:31:03]} 8. Qf3 {[%clk 1:20:21]} Bg4
{[%clk 1:17:33]} 9. Qg3 {[%clk 1:15:15]} Re8 {[%clk 1:05:00]} 10. Kf2
{[%clk 1:14:34]} c6 {[%clk 0:53:41]} 11. h3 {[%clk 1:10:22]} Bxc3
{[%clk 0:44:36]} 12. hxg4 {[%clk 1:04:37]} Bxb2 {[%clk 0:38:04]} 13. Rb1
{[%clk 1:04:41]} Rxe3 {[%clk 0:38:02]} 14. Kxe3 {[%clk 1:04:35]} Nxd5+
{[%clk 0:38:22]} 15. Kf3 {[%clk 1:04:08]} Nc3 {[%clk 0:34:20]} 16. Re1
{[%clk 0:52:19]} Qd5+ {[%clk 0:34:32]} 17. Kf2 {[%clk 0:51:58]} Qc5+
{[%clk 0:34:42]} 18. d4 {[%clk 0:51:58]} Qxd4+ {[%clk 0:34:47]} 19. Qe3
{[%clk 0:52:08]} Qxe3+ {[%clk 0:29:13]} 20. Kxe3 {[%clk 0:51:32]} Nd7
{[%clk 0:25:55]} 21. Bd3 {[%clk 0:51:20]} g6 {[%clk 0:25:18]} 22. Nh3
{[%clk 0:50:45]} Kg7 {[%clk 0:20:11]} 23. Ng5 {[%clk 0:50:17]} h6
{[%clk 0:17:02]} 24. Ne4 {[%clk 0:50:02]} Nxa2 {[%clk 0:16:09]} 25. Rb1
{[%clk 0:49:22]} Bf6 {[%clk 0:14:35]} 26. Rxb7 {[%clk 0:49:40]} Nb6
{[%clk 0:13:19]} 27. Nxf6 {[%clk 0:49:20]} Kxf6 {[%clk 0:12:45]} 28. Rxh6
{[%clk 0:48:22]} Kg7 {[%clk 0:09:08]} 1-0

[Event "I mi?dzynarodowy turniej szachowy"]
[Site "Jastrzebie-Zdroj"]
[Date "2018.08.25"]
[Round "9.7"]
[White "Pilch, Roman"]
[Black "Piechota, Kamil"]
[Result "1-0"]
[BlackElo "1505"]
[WhiteElo "2129"]
[LiveChessVersion "1.4.8"]

1. Nf3 {[%clk 1:30:57]} d5 {[%clk 1:30:37]} 2. g3 {[%clk 1:31:00]} Nf6
{[%clk 1:31:00]} 3. Bg2 {[%clk 1:31:24]} g6 {[%clk 1:31:18]} 4. b3
{[%clk 1:30:30]} Bg7 {[%clk 1:30:55]} 5. Bb2 {[%clk 1:30:58]} O-O
{[%clk 1:30:33]} 6. O-O {[%clk 1:31:08]} c6 {[%clk 1:30:49]} 7. d3
{[%clk 1:31:00]} Bf5 {[%clk 1:29:42]} 8. c4 {[%clk 1:27:57]} Nbd7
{[%clk 1:26:19]} 9. Qc2 {[%clk 1:26:07]} Rc8 {[%clk 1:13:23]} 10. Nbd2
{[%clk 1:22:20]} Nc5 {[%clk 1:02:34]} 11. b4 {[%clk 1:13:38]} Ne6
{[%clk 0:59:03]} 12. h3 {[%clk 1:08:22]} Nc7 {[%clk 0:56:38]} 13. g4
{[%clk 1:03:40]} Bd7 {[%clk 0:55:54]} 14. Ne5 {[%clk 0:58:31]} Be6
{[%clk 0:54:56]} 15. c5 {[%clk 0:50:13]} h5 {[%clk 0:48:25]} 16. g5
{[%clk 0:46:44]} Nd7 {[%clk 0:47:17]} 17. Nef3 {[%clk 0:36:14]} Bf5
{[%clk 0:44:31]} 18. Bxg7 {[%clk 0:30:57]} Kxg7 {[%clk 0:42:47]} 19. e4
{[%clk 0:30:54]} Be6 {[%clk 0:42:40]} 20. Rad1 {[%clk 0:27:47]} f6
{[%clk 0:40:41]} 21. Nb3 {[%clk 0:24:47]} Ne5 {[%clk 0:39:51]} 22. Nfd4
{[%clk 0:23:25]} fxg5 {[%clk 0:38:14]} 23. Nxe6+ {[%clk 0:20:06]} Nxe6
{[%clk 0:38:41]} 24. exd5 {[%clk 0:20:24]} Nf4 {[%clk 0:38:25]} 25. Qb2
{[%clk 0:19:46]} Qc7 {[%clk 0:37:30]} 26. Rfe1 {[%clk 0:16:41]} Kf6
{[%clk 0:37:39]} 27. dxc6 {[%clk 0:13:44]} Nxg2 {[%clk 0:35:45]} 28. Kxg2
{[%clk 0:13:10]} Qxc6+ {[%clk 0:36:09]} 29. Re4 {[%clk 0:12:54]} Qd5
{[%clk 0:34:09]} 30. Rde1 {[%clk 0:12:40]} Qxd3 {[%clk 0:34:19]} 31. Qxe5+
{[%clk 0:12:39]} Kf7 {[%clk 0:34:44]} 32. Qxg5 {[%clk 0:12:30]} Kg8
{[%clk 0:33:07]} 33. Qxg6+ {[%clk 0:12:02]} Kh8 {[%clk 0:33:37]} 34. Qxh5+
{[%clk 0:12:11]} Kg8 {[%clk 0:34:06]} 35. Qg6+ {[%clk 0:12:29]} 1-0

[Event "I mi?dzynarodowy turniej szachowy"]
[Site "Jastrzebie-Zdroj"]
[Date "2018.08.25"]
[Round "9.8"]
[White "Trybus, Daniel"]
[Black "Drozniak, Stanislaw"]
[Result "1/2-1/2"]
[BlackElo "2062"]
[WhiteElo "1736"]
[LiveChessVersion "1.4.8"]

1. g3 {[%clk 1:27:58]} f5 {[%clk 1:30:55]} 2. Bg2 {[%clk 1:27:54]} Nf6
{[%clk 1:31:20]} 3. d3 {[%clk 1:27:48]} g6 {[%clk 1:31:35]} 4. e4
{[%clk 1:27:35]} d6 {[%clk 1:31:28]} 5. exf5 {[%clk 1:25:55]} gxf5
{[%clk 1:30:47]} 6. Nc3 {[%clk 1:24:13]} Bg7 {[%clk 1:29:02]} 7. Nge2
{[%clk 1:23:00]} e5 {[%clk 1:26:11]} 8. f4 {[%clk 1:19:16]} Nc6 {[%clk 1:21:27]}
9. fxe5 {[%clk 1:17:19]} dxe5 {[%clk 1:21:53]} 10. Bg5 {[%clk 1:15:46]} Be6
{[%clk 1:15:56]} 11. d4 {[%clk 1:07:40]} Nxd4 {[%clk 1:08:27]} 12. Nxd4
{[%clk 1:07:05]} Qxd4 {[%clk 1:08:41]} 13. Qxd4 {[%clk 1:07:04]} exd4
{[%clk 1:09:07]} 14. Nb5 {[%clk 1:06:55]} O-O-O {[%clk 1:09:30]} 15. O-O-O
{[%clk 1:05:44]} Bd5 {[%clk 1:00:31]} 16. Bxd5 {[%clk 1:00:47]} Rxd5
{[%clk 1:00:48]} 17. Nxd4 {[%clk 0:58:41]} Ne4 {[%clk 0:54:33]} 18. Ne6
{[%clk 0:58:08]} Bxb2+ {[%clk 0:47:46]} 19. Kxb2 {[%clk 0:56:11]} Rb5+
{[%clk 0:48:06]} 20. Kc1 {[%clk 0:54:36]} Re5 {[%clk 0:48:32]} 21. Nxc7
{[%clk 0:51:33]} Nxg5 {[%clk 0:48:54]} 22. Nd5 {[%clk 0:51:20]} Rd8
{[%clk 0:47:49]} 23. Nf4 {[%clk 0:50:57]} Rxd1+ {[%clk 0:43:23]} 24. Rxd1
{[%clk 0:51:25]} Kc7 {[%clk 0:41:52]} 25. Kb2 {[%clk 0:48:20]} Ne4
{[%clk 0:38:29]} 26. Rd4 {[%clk 0:42:46]} Nd6 {[%clk 0:35:59]} 27. Nd5+
{[%clk 0:40:31]} Kc6 {[%clk 0:31:08]} 28. Nf6 {[%clk 0:40:11]} Kc5
{[%clk 0:26:08]} 29. Rd1 {[%clk 0:36:37]} Re6 {[%clk 0:25:11]} 30. Nxh7
{[%clk 0:35:47]} Nc4+ {[%clk 0:24:32]} 31. Kc3 {[%clk 0:33:21]} Ra6
{[%clk 0:19:43]} 32. Rb1 {[%clk 0:31:04]} b5 {[%clk 0:18:17]} 33. Ng5
{[%clk 0:27:39]} Ra3+ {[%clk 0:17:23]} 34. Rb3 {[%clk 0:27:44]} Rxa2
{[%clk 0:17:50]} 35. Ne6+ {[%clk 0:27:22]} Kb6 {[%clk 0:17:03]} 36. Nd4
{[%clk 0:27:18]} Nd6 {[%clk 0:17:10]} 37. Kd3 {[%clk 0:26:17]} Kc5
{[%clk 0:15:40]} 38. Rb1 {[%clk 0:24:30]} Ra4 {[%clk 0:14:18]} 39. Nb3+
{[%clk 0:21:23]} Kd5 {[%clk 0:14:18]} 40. Nd2 {[%clk 0:07:10]} a5
{[%clk 0:13:24]} 41. c3 {[%clk 0:06:49]} Ra3 {[%clk 0:12:38]} 42. Rf1
{[%clk 0:05:30]} a4 {[%clk 0:10:40]} 43. h4 {[%clk 0:05:27]} b4 {[%clk 0:08:44]}
44. Nb1 {[%clk 0:05:43]} Rb3 {[%clk 0:07:52]} 45. Kc2 {[%clk 0:05:25]} Ke5
{[%clk 0:06:09]} 46. h5 {[%clk 0:04:29]} Nc4 {[%clk 0:04:49]} 47. Re1+
{[%clk 0:03:07]} Kf6 {[%clk 0:04:59]} 48. cxb4 {[%clk 0:03:22]} Rxg3
{[%clk 0:05:17]} 49. Nc3 {[%clk 0:03:43]} a3 {[%clk 0:03:36]} 50. Ra1
{[%clk 0:03:42]} Kg5 {[%clk 0:03:47]} 51. Kb3 {[%clk 0:04:05]} Nd2+
{[%clk 0:04:07]} 52. Kc2 {[%clk 0:04:30]} Rg2 {[%clk 0:04:22]} 53. Kd3
{[%clk 0:04:37]} f4 {[%clk 0:03:43]} 54. b5 {[%clk 0:03:50]} f3 {[%clk 0:02:56]}
55. b6 {[%clk 0:03:58]} Nb3 {[%clk 0:03:09]} 56. Rf1 {[%clk 0:03:47]} a2
{[%clk 0:03:11]} 57. Ne4+ {[%clk 0:03:25]} Kf4 {[%clk 0:03:00]} 58. b7
{[%clk 0:03:34]} Nc5+ {[%clk 0:03:27]} 59. Nxc5 {[%clk 0:03:35]} Rb2
{[%clk 0:03:54]} 60. h6 {[%clk 0:02:41]} Rb1 {[%clk 0:04:08]} 61. h7
{[%clk 0:03:07]} a1=Q {[%clk 0:04:11]} 62. b8=Q+ {[%clk 0:03:35]} Rxb8
{[%clk 0:04:21]} 63. Rxa1 {[%clk 0:03:55]} Rd8+ {[%clk 0:04:32]} 1/2-1/2

[Event "I mi?dzynarodowy turniej szachowy"]
[Site "Jastrzebie-Zdroj"]
[Date "2018.08.25"]
[Round "9.9"]
[White "Marcinowski, Zbigniew"]
[Black "Palczert, Botond"]
[Result "1/2-1/2"]
[BlackElo "1898"]
[WhiteElo "2058"]
[LiveChessVersion "1.4.8"]

1. e4 {[%clk 1:30:59]} c5 {[%clk 1:30:47]} 2. c3 {[%clk 1:31:24]} d5
{[%clk 1:30:38]} 3. exd5 {[%clk 1:31:39]} Qxd5 {[%clk 1:31:05]} 4. Nf3
{[%clk 1:31:59]} g6 {[%clk 1:31:14]} 5. d4 {[%clk 1:30:52]} Bg7 {[%clk 1:31:22]}
6. Be3 {[%clk 1:30:02]} cxd4 {[%clk 1:29:12]} 7. cxd4 {[%clk 1:28:53]} Nf6
{[%clk 1:27:39]} 8. Nc3 {[%clk 1:28:28]} Qa5 {[%clk 1:27:53]} 9. Be2
{[%clk 1:27:46]} O-O {[%clk 1:26:06]} 10. O-O {[%clk 1:28:00]} Nc6
{[%clk 1:25:04]} 11. Qb3 {[%clk 1:26:07]} Qb4 {[%clk 1:21:44]} 12. d5
{[%clk 1:10:47]} Qxb3 {[%clk 1:22:06]} 13. axb3 {[%clk 1:11:12]} Nb4
{[%clk 1:19:51]} 14. Bc4 {[%clk 1:11:26]} Nc2 {[%clk 1:18:50]} 15. Rxa7
{[%clk 1:10:44]} Nxe3 {[%clk 1:14:53]} 16. Rxa8 {[%clk 1:11:08]} Nxf1
{[%clk 1:15:14]} 17. Kxf1 {[%clk 1:11:34]} Bg4 {[%clk 1:11:59]} 18. Rxf8+
{[%clk 1:08:57]} Kxf8 {[%clk 1:11:02]} 19. Ne5 {[%clk 1:08:47]} Bf5
{[%clk 1:10:22]} 20. Nd3 {[%clk 0:52:19]} Bxd3+ {[%clk 1:04:28]} 21. Bxd3
{[%clk 0:52:42]} Ne8 {[%clk 1:02:07]} 22. Ke2 {[%clk 0:51:25]} Nd6
{[%clk 0:58:50]} 23. Ke3 {[%clk 0:47:13]} Ke8 {[%clk 0:54:01]} 24. f4
{[%clk 0:44:41]} Bf6 {[%clk 0:48:04]} 25. h3 {[%clk 0:42:00]} Kd7
{[%clk 0:47:30]} 26. g4 {[%clk 0:38:17]} Kc7 {[%clk 0:31:47]} 27. b4
{[%clk 0:38:29]} Kd7 {[%clk 0:29:29]} 28. Na4 {[%clk 0:31:12]} Kc7
{[%clk 0:29:19]} 29. b5 {[%clk 0:27:56]} b6 {[%clk 0:28:10]} 30. Kf3
{[%clk 0:26:19]} Nb7 {[%clk 0:19:29]} 31. b4 {[%clk 0:20:10]} Nd6
{[%clk 0:19:39]} 32. Kg3 {[%clk 0:19:32]} h6 {[%clk 0:18:50]} 33. h4
{[%clk 0:18:01]} Ne8 {[%clk 0:16:39]} 34. g5 {[%clk 0:15:14]} hxg5
{[%clk 0:16:42]} 35. fxg5 {[%clk 0:15:09]} Be5+ {[%clk 0:16:24]} 36. Kg4
{[%clk 0:15:05]} Ng7 {[%clk 0:16:31]} 37. Be4 {[%clk 0:14:10]} Bd4
{[%clk 0:16:24]} 38. Bf3 {[%clk 0:10:14]} Nh5 {[%clk 0:15:22]} 39. Bg2
{[%clk 0:09:47]} Kd6 {[%clk 0:14:40]} 40. Bf3 {[%clk 0:09:53]} Kc7
{[%clk 0:14:30]} 41. Be2 {[%clk 0:08:39]} Kd6 {[%clk 0:13:53]} 42. Bc4
{[%clk 0:08:49]} Ng7 {[%clk 0:13:36]} 43. Bb3 {[%clk 0:07:48]} Nh5
{[%clk 0:10:23]} 44. Kf3 {[%clk 0:07:15]} Ke5 {[%clk 0:07:30]} 45. d6
{[%clk 0:07:16]} exd6 {[%clk 0:07:23]} 46. Bxf7 {[%clk 0:07:41]} Nf4
{[%clk 0:06:21]} 47. Ba2 {[%clk 0:04:29]} Nd5 {[%clk 0:04:25]} 48. Bb1
{[%clk 0:03:45]} Ne7 {[%clk 0:04:50]} 49. Kg4 {[%clk 0:03:39]} Ke6
{[%clk 0:04:28]} 50. Ba2+ {[%clk 0:03:16]} d5 {[%clk 0:04:17]} 51. h5
{[%clk 0:02:39]} gxh5+ {[%clk 0:04:06]} 52. Kxh5 {[%clk 0:03:04]} Kf7
{[%clk 0:04:10]} 53. Kh6 {[%clk 0:02:40]} Kg8 {[%clk 0:01:54]} 54. Bb3
{[%clk 0:02:22]} Nf5+ {[%clk 0:02:01]} 55. Kh5 {[%clk 0:02:02]} Ne7
{[%clk 0:02:03]} 56. Kg4 {[%clk 0:01:43]} Kg7 {[%clk 0:02:23]} 57. Bc2
{[%clk 0:01:58]} Kf7 {[%clk 0:00:57]} 58. Kf4 {[%clk 0:02:00]} Ng6+
{[%clk 0:00:59]} 59. Bxg6+ {[%clk 0:01:15]} Kxg6 {[%clk 0:01:28]} 60. Kg4
{[%clk 0:01:37]} Be3 {[%clk 0:01:31]} 61. Nc3 {[%clk 0:01:57]} Bxg5
{[%clk 0:00:47]} 62. Nxd5 {[%clk 0:02:22]} Bd2 {[%clk 0:00:50]} 63. Kf3
{[%clk 0:02:35]} Kf5 {[%clk 0:00:42]} 64. Ke2 {[%clk 0:02:28]} Ke5
{[%clk 0:01:12]} 65. Ne7 {[%clk 0:02:44]} Bxb4 {[%clk 0:01:20]} 66. Nc6+
{[%clk 0:03:08]} Kd5 {[%clk 0:01:40]} 67. Nxb4+ {[%clk 0:03:26]} Ke5 1/2-1/2

[Event "I mi?dzynarodowy turniej szachowy"]
[Site "Jastrzebie-Zdroj"]
[Date "2018.08.25"]
[Round "9.10"]
[White "Tymrakiewicz, Rafal"]
[Black "Posluszny, Tomasz"]
[Result "1-0"]
[BlackElo "1927"]
[WhiteElo "2192"]
[LiveChessVersion "1.4.8"]

1. e4 {[%clk 1:26:36]} c5 {[%clk 1:30:57]} 2. d4 {[%clk 1:26:39]} cxd4
{[%clk 1:29:51]} 3. c3 {[%clk 1:26:28]} Nf6 {[%clk 1:29:36]} 4. e5
{[%clk 1:26:05]} Nd5 {[%clk 1:30:01]} 5. Qxd4 {[%clk 1:19:05]} e6
{[%clk 1:30:07]} 6. Nf3 {[%clk 1:19:28]} Nc6 {[%clk 1:29:06]} 7. Qe4
{[%clk 1:19:41]} d6 {[%clk 1:23:27]} 8. Bb5 {[%clk 1:05:53]} Bd7 {[%clk 1:14:58]}
9. exd6 {[%clk 1:05:35]} Bxd6 {[%clk 1:13:30]} 10. O-O {[%clk 1:04:51]} a6
{[%clk 1:05:35]} 11. Bd3 {[%clk 0:58:41]} f5 {[%clk 0:55:46]} 12. Qe2
{[%clk 0:57:09]} O-O {[%clk 0:55:20]} 13. Rd1 {[%clk 0:49:21]} Qc7
{[%clk 0:30:07]} 14. g3 {[%clk 0:41:55]} Rae8 {[%clk 0:26:51]} 15. Nbd2
{[%clk 0:39:47]} Nb6 {[%clk 0:24:23]} 16. a4 {[%clk 0:34:39]} a5 {[%clk 0:21:00]}
17. Nc4 {[%clk 0:31:46]} Nxc4 {[%clk 0:12:58]} 18. Bxc4 {[%clk 0:32:08]} Ne5
{[%clk 0:12:44]} 19. Nxe5 {[%clk 0:30:16]} Bxe5 {[%clk 0:13:05]} 20. Be3
{[%clk 0:05:04]} Rc8 {[%clk 0:06:20]} 21. Bb3 {[%clk 0:04:55]} Rfe8
{[%clk 0:02:48]} 22. Bd4 {[%clk 0:04:02]} Bd6 {[%clk 0:02:09]} 23. Qd2
{[%clk 0:02:21]} Rcd8 {[%clk 0:00:40]} 24. Bxg7 {[%clk 0:00:49]} Bc6
{[%clk 0:00:33]} 25. Bd4 {[%clk 0:01:06]} f4 {[%clk 0:00:45]} 26. Qe2
{[%clk 0:00:50]} Qf7 {[%clk 0:00:39]} 27. Re1 {[%clk 0:00:52]} Bd5
{[%clk 0:00:46]} 28. Qg4+ {[%clk 0:00:56]} Qg6 {[%clk 0:00:57]} 29. Qxg6+
{[%clk 0:01:13]} hxg6 {[%clk 0:01:26]} 30. Bxd5 {[%clk 0:01:32]} exd5
{[%clk 0:01:54]} 31. Bb6 {[%clk 0:01:44]} Rc8 {[%clk 0:01:29]} 32. Bxa5
{[%clk 0:01:31]} f3 {[%clk 0:01:32]} 33. Bb6 {[%clk 0:01:34]} Kf7
{[%clk 0:00:47]} 34. Re3 {[%clk 0:01:13]} Rxe3 {[%clk 0:01:03]} 35. Bxe3
{[%clk 0:01:29]} Ke6 {[%clk 0:01:00]} 36. a5 {[%clk 0:01:22]} Rc6
{[%clk 0:00:48]} 37. h4 {[%clk 0:00:59]} Ke5 {[%clk 0:00:52]} 38. Re1
{[%clk 0:01:01]} Kf5 {[%clk 0:01:07]} 39. Rd1 {[%clk 0:01:22]} Ke5
{[%clk 0:00:45]} 40. Kh2 {[%clk 0:01:29]} Rc7 {[%clk 0:00:33]} 41. Kh3
{[%clk 0:01:41]} Rh7 {[%clk 0:00:34]} 42. Kg4 {[%clk 0:01:44]} Rf7
{[%clk 0:00:42]} 43. c4 {[%clk 0:01:39]} Bb4 {[%clk 0:00:40]} 44. Rxd5+
{[%clk 0:01:29]} Ke6 {[%clk 0:00:59]} 45. Rb5 1-0

[Event "I mi?dzynarodowy turniej szachowy"]
[Site "Jastrzebie-Zdroj"]
[Date "2018.08.25"]
[Round "9.11"]
[White "Borkowski, Maciej"]
[Black "Durica, Adam"]
[Result "1/2-1/2"]
[BlackElo "2040"]
[WhiteElo "1447"]
[LiveChessVersion "1.4.8"]

1. c4 {[%clk 1:30:54]} Nf6 {[%clk 1:30:47]} 2. Nc3 g6 {[%clk 1:30:47]} 3. g3
{[%clk 1:31:16]} Bg7 {[%clk 1:31:02]} 4. Bg2 {[%clk 1:31:35]} O-O
{[%clk 1:31:09]} 5. d4 {[%clk 1:23:53]} d6 {[%clk 1:29:47]} 6. Nf3
{[%clk 1:22:11]} Nbd7 {[%clk 1:28:04]} 7. O-O {[%clk 1:21:43]} e5
{[%clk 1:25:43]} 8. dxe5 {[%clk 1:21:06]} dxe5 {[%clk 1:25:54]} 9. Ng5
{[%clk 1:15:51]} h6 {[%clk 1:24:52]} 10. Nge4 {[%clk 1:15:29]} Nxe4
{[%clk 1:25:15]} 11. Nxe4 {[%clk 1:13:17]} f5 {[%clk 1:25:38]} 12. Nc3
{[%clk 1:05:44]} c6 {[%clk 1:26:01]} 13. b3 {[%clk 1:02:18]} e4 {[%clk 1:23:20]}
14. Bb2 {[%clk 1:02:40]} Qc7 {[%clk 1:23:37]} 15. Na4 {[%clk 0:59:14]} Ne5
{[%clk 1:18:49]} 16. Qc2 {[%clk 0:53:21]} b6 {[%clk 1:17:15]} 17. Rfd1
{[%clk 0:47:27]} Be6 {[%clk 1:13:27]} 18. Rd2 {[%clk 0:44:03]} Ng4
{[%clk 0:57:37]} 19. Bxg7 {[%clk 0:36:52]} Qxg7 {[%clk 0:57:55]} 20. Qb2
{[%clk 0:36:39]} Rfd8 {[%clk 0:55:00]} 21. Qxg7+ {[%clk 0:34:04]} Kxg7
{[%clk 0:55:23]} 22. Rad1 {[%clk 0:34:08]} Rxd2 {[%clk 0:55:30]} 23. Rxd2
{[%clk 0:34:36]} Kf6 {[%clk 0:55:40]} 24. h3 {[%clk 0:32:43]} Ne5
{[%clk 0:55:58]} 25. f3 {[%clk 0:23:43]} exf3 {[%clk 0:51:51]} 26. exf3
{[%clk 0:24:11]} Rc8 {[%clk 0:49:55]} 27. f4 {[%clk 0:21:35]} Nf7
{[%clk 0:50:19]} 28. Bf3 {[%clk 0:20:35]} g5 {[%clk 0:44:54]} 29. Kf2
{[%clk 0:19:34]} Rc7 {[%clk 0:38:25]} 30. Nc3 {[%clk 0:17:46]} Ke7
{[%clk 0:35:19]} 31. Ke3 {[%clk 0:15:21]} Nh8 {[%clk 0:28:57]} 32. Ne2
{[%clk 0:15:14]} 1/2-1/2